Мой брат Майкл: пер. с англ.; роман

Detalles Bibliográficos
Autor Principal: Стюарт М. Мэри
Summary:Неожиданная поездка по Греции в чужой машине, с совершенно незнакомым человеком оборачивается для Камиллы Хейвен потря сающим приключением. Помогая своему попутчику Саймону отыскать место, где погиб во время войны его брат Майкл, она узнает о тайне «сверкающей цитадели», спрятанной где-то в горах. Но не только Саймон пытается раскрыть эту тайну. Золотые сокровища, о которых упомянуто в последнем письме Майкла, не дают покоя и другим людям, жестоким убийцам, не останавливающимся ни перед чем. В противоборстве с ними Камилла обретает силы, каких и не подозревала в себе. Мэри Стюарт — одна из самых знаменитых писательниц в мире. Ее книги расходятся миллионными тиражами. В романах М. Стюарт изумительным образом сочетаются интеллектуальный детектив и романтическая история.
Idioma:ruso
Publicado: Москва, Эксмо, 2007
Series:Мона Лиза
Subjects:
Formato: Libro
KOHA link:https://koha.lib.tpu.ru/cgi-bin/koha/opac-detail.pl?biblionumber=179445

MARC

LEADER 00000nam0a2200000 4500
001 179445
005 20231031170331.0
010 |a 9785699208494 
035 |a (RuTPU)RU\TPU\book\194525 
090 |a 179445 
100 |a 20100421d2007 m y0rusy50 ca 
101 1 |a rus  |c eng 
102 |a RU 
105 |a y z 000ay 
200 1 |a Мой брат Майкл  |e пер. с англ.  |e роман  |f М. Стюарт 
210 |a Москва  |c Эксмо  |d 2007 
215 |a 352 с. 
225 1 |a Мона Лиза 
330 |a Неожиданная поездка по Греции в чужой машине, с совершенно незнакомым человеком оборачивается для Камиллы Хейвен потря сающим приключением. Помогая своему попутчику Саймону отыскать место, где погиб во время войны его брат Майкл, она узнает о тайне «сверкающей цитадели», спрятанной где-то в горах. Но не только Саймон пытается раскрыть эту тайну. Золотые сокровища, о которых упомянуто в последнем письме Майкла, не дают покоя и другим людям, жестоким убийцам, не останавливающимся ни перед чем. В противоборстве с ними Камилла обретает силы, каких и не подозревала в себе. Мэри Стюарт — одна из самых знаменитых писательниц в мире. Ее книги расходятся миллионными тиражами. В романах М. Стюарт изумительным образом сочетаются интеллектуальный детектив и романтическая история. 
610 1 |a английская литература 
610 1 |a романы 
610 1 |a приключения 
675 |a 82  |v 3 
700 1 |a Стюарт  |b М.  |g Мэри 
801 1 |a RU  |b 63413507  |c 20100421 
801 2 |a RU  |b 63413507  |c 20100428  |g RCR 
942 |c BK